[Event "SVK-ch U16"]
[Site "Liptovsky Mikulas"]
[Date "2007.04.27"]
[Round "9"]
[White "Nagy, Attila4444"]
[Black "Eremias, Lukas"]
[Result "1/2-1/2"]
[WhiteElo "1793"]
[BlackElo "1462"]
[PlyCount "88"]
[EventDate "2007.04.22"]
[EventType "swiss"]
[EventRounds "9"]
[EventCountry "SVK"]
[SourceTitle "EXT 2008"]
[Source "ChessBase"]
[SourceDate "2007.11.25"]
[SourceVersion "1"]
[SourceVersionDate "2007.11.25"]
[SourceQuality "1"]

1. e4 e6 2. d4 d5 3. exd5 exd5 4. Bd3 Nc6 5. c3 Nf6 6. Bg5 Be7 7. Nf3 h6 8. Bh4 0-0 9. 0-0 Bg4 10. Nbd2 Ne4 11. Bxe7 Qxe7 12. Re1 Bxf3 13. Nxf3 f5 14. Nd2 Qf6 15. Bxe4 fxe4 16. f3 exf3 17. Nxf3 Qd6 18. Qd2 Rae8 19. Re2 Rxe2 20. Qxe2 a6 21. Re1 Rd8 22. Nh4 Qf6 23. Qg4 Rf8 24. Qe6+ Qxe6 25. Rxe6 Kf7 26. Re2 Re8 27. Rxe8 Kxe8 28. Ng6 Kf7 29. Nf4 Ne7 30. Kf2 c6 31. Nd3 Nc8 32. Kf3 Kf6 33. g4 b6 34. Nb4 c5 35. dxc5 bxc5 36. Nxd5+ Ke5 37. Ne3 Nd6 38. h3 g5 39. a4 a5 40. b3 Ke6 41. Nd1 Kd5 42. Ne3+ Ke5 43. Nc4+ Nxc4 44. bxc4 Kf6 1/2-1/2

[Event "SVK-ch U16"]
[Site "Liptovsky Mikulas"]
[Date "2007.04.23"]
[Round "3"]
[White "Eremias, Lukas"]
[Black "Vlha, Matej"]
[Result "1/2-1/2"]
[WhiteElo "1462"]
[BlackElo "1686"]
[PlyCount "72"]
[EventDate "2007.04.22"]
[EventType "swiss"]
[EventRounds "9"]
[EventCountry "SVK"]
[SourceTitle "EXT 2008"]
[Source "ChessBase"]
[SourceDate "2007.11.25"]
[SourceVersion "1"]
[SourceVersionDate "2007.11.25"]
[SourceQuality "1"]

1. e4 c5 2. Nf3 Nc6 3. d4 cxd4 4. Nxd4 Nf6 5. Nc3 e5 6. Ndb5 d6 7. Bg5 a6 8. Na3 b5 9. Nd5 Be7 10. Bxf6 Bxf6 11. c3 Bg5 12. Nc2 0-0 13. a4 bxa4 14. Rxa4 a5 15. Nce3 Rb8 16. Qc2 Be6 17. Bd3 Bxe3 18. fxe3 Qh4+ 19. g3 Qg5 20. Qd2 f5 21. 0-0 h5 22. Rf2 h4 23. Rg2 h3 24. Rf2 Qg4 25. Be2 Qg6 26. Rxa5 fxe4 27. Rxf8+ Rxf8 28. Ra6 Qf7 29. Bc4 Nd4 30. cxd4 Bxd5 31. Bxd5 Qxd5 32. Ra1 Rf3 33. Rf1 exd4 34. Rxf3 exf3 35. exd4 Qe4 36. Kf2 g6 1/2-1/2